[Event "Open"]
[Site "Zadar CRO"]
[Date "1999.12.16"]
[Round "5"]
[White "Bozinovic,Bog"]
[Black "Zelic,Ml"]
[Result "1-0"]
[WhiteElo "2288"]
[BlackElo "2353"]

1.g3 e5 2.c4 Nc6 3.Bg2 f5 4.Nc3 Nf6 5.d3 Bb4 6.Bd2 O-O 7.Nd5 Bxd2+ 8.Qxd2 d6
9.e3 Be6 10.Ne2 Qd7 11.Nec3 Rae8 12.O-O Ne7 13.Nxf6+ Rxf6 14.Nd5 Bxd5 15.cxd5 f4
16.exf4 exf4 17.Rfe1 f3 18.Bf1 Nxd5 19.Qa5 c6 20.Qxa7 Rxe1 21.Rxe1 h6 22.Re4 c5
23.d4 Re6 24.Qb8+ Kh7 25.Rxe6 Qxe6 26.Bd3+ g6 27.Qxb7+ Kh8 28.dxc5 h5 29.Qb8+ Kg7
30.Qxd6 Qe1+ 31.Bf1 Nf6 32.Qc7+  1-0

[Event "Extraliga CZE"]
[Site "Ostrava CZE"]
[Date "1999.12.18"]
[Round "5"]
[White "Stryjecki,M"]
[Black "Firt,S"]
[Result "1/2-1/2"]
[WhiteElo "2448"]
[BlackElo "2336"]

1.g3 e5 2.c4 c6 3.d4 exd4 4.Qxd4 d5 5.cxd5 cxd5 6.Bg2 Nf6 7.Nf3 Nc6 8.Qa4 Bc5
9.O-O O-O 10.Nc3 d4 11.Qc4 Bb6 12.Rd1 Be6 13.Qa4 Qe8 14.Nb5 a6 15.Na3 Ba7
16.Bf4 Qd7 17.Nc2 Rfe8 18.e3 Rac8 19.exd4 Nd5 20.Ne3 Nxf4 21.gxf4 Bh3 22.Ne5 Nxe5
23.Qxd7 Nxd7 24.Bxh3 Rcd8 25.Bg2 Re6 26.Rac1 Rb6 27.b3 Bb8 28.Nc4 Rb4 29.Ne5 Nf8
30.Rc4 Rb6 31.d5 f6 32.Nd3 Ng6 33.Rdc1 Rbd6 34.Rc8 Kf7 35.Rxd8 Rxd8 36.f5 Ne5
37.Nxe5+ Bxe5 38.h3 Rb8 39.Be4 Ke7 40.Kf1 Kd7 41.Ke2 Rc8 42.Rg1 Rg8 43.d6 Kxd6
44.Bxb7 a5 45.Be4 Bd4 46.Kf3 Rc8 47.Bd3 Rc7 48.Rg4 Bb6 49.Rh4 h6 50.Rg4 h5
51.Re4 Re7 52.Rh4 Ke5 53.b4 axb4 54.Rxb4 Bc5 55.Rh4 Ra7 56.a4 Bd4 57.Re4+ Kd5
58.Bb5 Rc7 59.Re2 Rc3+ 60.Kg2 Ra3 61.h4 Be5 62.Bd7 Kc5 63.Be8 Kd5 64.Rc2 Ke4
65.Rc4+ Kxf5 66.Bxh5 Ke6 67.f4 Bd6 68.Be8 f5 69.h5 Ra2+ 70.Kf3 Ra3+ 71.Ke2 Ra2+
72.Kd3 Ra3+ 73.Kc2 Rf3 74.a5 Rxf4  1/2-1/2

[Event "Extraliga CZE"]
[Site "Ostrava CZE"]
[Date "1999.12.18"]
[Round "5"]
[White "Ostrowski,L"]
[Black "Rasik,V"]
[Result "0-1"]
[WhiteElo "2382"]
[BlackElo "2442"]

1.g3 e5 2.c4 Nc6 3.Bg2 d6 4.Nc3 Be6 5.d3 Qd7 6.h3 h6 7.e3 g5 8.Nge2 Bg7 9.Nd5 f5
10.f4 Nf6 11.Nec3 O-O-O 12.Qa4 a6 13.Bd2 exf4 14.gxf4 Ne7 15.Nxe7+ Qxe7 16.Qb4 c5
17.Qb6 Qc7 18.Qb3 Bd7 19.O-O-O gxf4 20.e4 f3 21.Bxf3 fxe4 22.dxe4 Bc6 23.Bf4 Rhf8
24.Bh2 Ne8 25.Rhf1 Kb8 26.Nd5 Bxd5 27.exd5 Be5 28.Bxe5 dxe5 29.Qe3 Nd6 30.Qxh6 Nxc4
31.Be2 Rh8 32.Qg5 Rdg8 33.d6 Nxd6 34.Qxe5 Re8 35.Qh2 Nb5 36.Qxc7+ Nxc7 37.Bg4 Rhf8
38.Rf5 Rxf5 39.Bxf5 Rf8 40.Bg4 Nb5 41.h4 Nd4 42.Re1 Kc7 43.Re7+ Kc6 44.h5 Rf2
45.h6 Rh2 46.h7 b5 47.Rg7 b4 48.Bc8 c4 49.Bb7+ Kd6 50.Be4 c3 51.Rg8 cxb2+
52.Kb1 Nb5 53.Rd8+ Kc7 54.Bc2 Kxd8 55.Kxb2 Nd4 56.a4 Rxc2+ 57.Kb1 Rh2  0-1

[Event "Extraliga CZE"]
[Site "Ostrava CZE"]
[Date "1999.12.18"]
[Round "5"]
[White "Vokac,M"]
[Black "Polak,T"]
[Result "1-0"]
[WhiteElo "2494"]
[BlackElo "2488"]

1.c4 e5 2.g3 Nc6 3.Bg2 Nf6 4.Nc3 Bc5 5.e3 d6 6.Nge2 a5 7.d4 Ba7 8.h3 O-O
9.a3 Re8 10.d5 Ne7 11.O-O c6 12.Kh2 cxd5 13.cxd5 Bd7 14.Qd3 h6 15.Bd2 a4
16.f4 exf4 17.gxf4 Bc5 18.f5 Nxf5 19.Rxf5 Bxf5 20.Qxf5 Bxe3 21.Bxe3 Rxe3
22.Rf1 Qb6 23.Qf2 Rae8 24.Ng3 R8e5 25.Nce4 Nxe4 26.Qxf7+ Kh8 27.Qf8+ Kh7
28.Nxe4 Qxb2 29.Nf6+ Kg6 30.Ng4 Rxh3+ 31.Kxh3 Rh5+ 32.Kg3 Qc3+ 33.Qf3  1-0

[Event "Young Masters"]
[Site "Groningen NED"]
[Date "1999.12.21"]
[Round "3"]
[White "Epishin,V"]
[Black "Levin,F"]
[Result "1/2-1/2"]
[WhiteElo "2657"]
[BlackElo "2531"]

1.c4 e5 2.g3 Nf6 3.Bg2 Nc6 4.Nf3 Bc5 5.d3 h6 6.Nc3 d6 7.O-O a6 8.e3 O-O 9.h3 Bf5
10.b3 Qd7 11.Kh2 Ba7 12.Bb2 Rae8 13.a3 Bh7 14.Rc1 Kh8 15.b4 Ng8 16.d4 exd4
17.exd4 Nf6 18.c5 Ne7 19.Re1 c6 20.cxd6 Qxd6 21.Na4 Ned5 22.Ne5 Kg8 23.Nc5 Re7
24.Qb3 h5 25.a4 h4 26.b5 hxg3+ 27.fxg3 axb5 28.axb5 cxb5 29.Qxb5 Qb6 30.Qxb6 Bxb6
31.Ned7 Rxe1 32.Nxf6+ Nxf6 33.Rxe1  1/2-1/2

[Event "ch-ROM"]
[Site "Lasi ROM"]
[Date "1999.12.26"]
[Round "14"]
[White "Rogozenko,D"]
[Black "Parligras,M"]
[Result "1-0"]
[WhiteElo "2576"]
[BlackElo "2377"]

1.c4 e5 2.g3 Nc6 3.Nc3 Nf6 4.Bg2 Bc5 5.e3 d5 6.cxd5 Nb4 7.d4 exd4 8.exd4 Be7
9.Nge2 Bf5 10.O-O Nc2 11.g4 Bg6 12.f4 Nxa1 13.f5 Nxg4 14.Ng3 Nxh2 15.Kxh2 Bd6
16.Ne4 Qh4+ 17.Bh3 Qxe4 18.Re1 Qxe1 19.Qxe1+ Kf8 20.fxg6 hxg6 21.Kg2 Nc2
22.Qf2 Nb4 23.Be6 f6 24.Bf4 Rh4 25.Bxd6+ cxd6 26.Qd2 Na6 27.Qd3 g5 28.Qb5  1-0

[Event "It A"]
[Site "Paretana ESP"]
[Date "1999.12.28"]
[Round "2"]
[White "Narciso Dublan,M"]
[Black "Moskalenko,V"]
[Result "0-1"]
[WhiteElo "2447"]
[BlackElo "2471"]

1.c4 e5 2.g3 Nc6 3.Bg2 f5 4.Nc3 Nf6 5.e3 d6 6.Nge2 g6 7.d3 Bg7 8.Rb1 Ne7
9.O-O O-O 10.f4 c6 11.b4 exf4 12.Nxf4 g5 13.Nfe2 h6 14.b5 c5 15.Qb3 Rb8 16.Qa3 Be6
17.Qxa7 b6 18.Qa4 Qc8 19.Qb3 Rd8 20.Nd5 Nexd5 21.cxd5 Bd7 22.Bb2 Rf8 23.Nc3 Qe8
24.Rbe1 Ng4 25.Bc1 f4 26.gxf4 gxf4 27.Ne2 Qh5 28.h3 f3 29.hxg4 Bxg4 30.Ng3 Qh4
31.Ne4 Be5  0-1

[Event "It A"]
[Site "Paretana ESP"]
[Date "1999.12.28"]
[Round "2"]
[White "Vidarte Morales,A"]
[Black "Skembris,S"]
[Result "1-0"]
[WhiteElo "2424"]
[BlackElo "2477"]

1.c4 e5 2.g3 Nf6 3.Bg2 d5 4.cxd5 Nxd5 5.Nc3 Nb6 6.Nf3 Nc6 7.d3 Be7 8.a3 O-O
9.O-O Be6 10.b4 a6 11.Rb1 f6 12.Bb2 Qe8 13.Ne4 Qf7 14.Nc5 Ba2 15.Nxb7 Bxb1
16.Qxb1 Rab8 17.Qc2 Qe6 18.Ng5 fxg5 19.Bxc6 Rf6 20.Bg2 c6 21.Na5 Rc8 22.d4 Bd6
23.Qe4 Nd7 24.Nxc6 exd4 25.Qxe6+ Rxe6 26.Bd5 Kf7 27.Nxd4 Nf8 28.Nxe6 Nxe6
29.Bxe6+ Kxe6 30.Bxg7 Rc2 31.e3 h5 32.Rd1 h4 33.Kg2 h3+ 34.Kf3 Bc7 35.Bd4 Ra2
36.Rd3 g4+ 37.Kxg4 Rxf2 38.Kxh3 Ra2 39.Rc3 Bd6 40.Rc6 Kd5 41.Rxa6 Bxb4 42.axb4 Rxa6
43.b5 Rh6+ 44.Kg2 Ke4 45.b6 Rh5 46.g4 Rh7 47.h4  1-0

[Event "Belgian Interteams 1999-2000"]
[Site "Antwerp BEL"]
[Date "1999.12.??"]
[Round "6"]
[White "Deleyn,G"]
[Black "Thirion,M"]
[Result "1-0"]
[WhiteElo "2182"]
[BlackElo "2221"]

1.c4 e5 2.g3 Nc6 3.Bg2 Nf6 4.Nc3 Bb4 5.Nd5 Bc5 6.e3 d6 7.Ne2 a6 8.O-O O-O
9.d3 Nxd5 10.cxd5 Ne7 11.h3 Bd7 12.d4 Ba7 13.dxe5 dxe5 14.Nc3 c6 15.Qh5 f6
16.Rd1 Qe8 17.Qxe8 Rfxe8 18.e4 cxd5 19.exd5 Nf5 20.Ne4 Red8 21.Bd2 Bd4 22.g4 Nh4
23.Be3 Ba4 24.Bxd4 Bxd1 25.Bb6 Bf3 26.Bxf3 Nxf3+ 27.Kg2 Nd4 28.Bxd8 Rxd8
29.Rc1 Rd7 30.Rc8+ Kf7 31.Rb8 Kg6 32.d6 Nb5 33.Nc5 Rxd6 34.Rxb7 Nd4 35.b4 Ne2
36.Ra7 Nf4+ 37.Kf3 Rd4 38.a3 Rc4 39.Ne4 Rd4 40.Nc5 Rc4 41.Rxa6 Rc3+ 42.Ke4 Nxh3
43.Kd5 Nxf2 44.b5 e4 45.Nxe4 Nxe4 46.Kxe4 Rb3 47.b6 Kg5 48.Kd4 Kxg4 49.Ra4 Rxb6
50.Kc5+ Kg3 51.Kxb6 f5 52.Rc4 f4 53.a4 f3 54.a5  1-0

[Event "Regionalliga NO9899"]
[Site "Bayern"]
[Date "1999.??.??"]
[Round "?"]
[White "Grabert, Ralf"]
[Black "Schaeffner, Claus"]
[Result "1/2-1/2"]
[WhiteElo "2240"]
[BlackElo "2140"]

1.c4 e5 2.g3 Nf6 3.Bg2 Nc6 4.Nf3 Be7 5.Nc3 O-O 6.d3 Re8 7.O-O d6 8.Rb1 Be6
9.Bg5 Qd7 10.Re1 h6 11.Bxf6 Bxf6 12.Nd5 Bd8 13.b4 Ne7 14.Nd2 c6 15.Nxe7+ Bxe7
16.b5 d5 17.bxc6 bxc6 18.Qa4 Rad8 19.Nb3 a5 20.Rec1 Qa7 21.Qxa5 Ra8 22.cxd5 cxd5
23.Qxa7 Rxa7 24.Nc5 Bxc5 25.Rxc5 Rxa2 26.Kf1 Rd8  1/2-1/2

[Event "Regionalliga NO9899"]
[Site "Bayern"]
[Date "1999.??.??"]
[Round "?"]
[White "Willim, Michael"]
[Black "Troidl, Thomas"]
[Result "1-0"]
[WhiteElo "2005"]
[BlackElo "2025"]

1.c4 e5 2.g3 g6 3.Bg2 Bg7 4.Nc3 Nc6 5.Rb1 a5 6.a3 b6 7.b4 axb4 8.axb4 Rb8
9.e3 Bb7 10.d3 Nge7 11.Nge2 O-O 12.O-O d6 13.b5 Na5 14.Nd5 f5 15.Bd2 e4 16.Bxa5 bxa5
17.dxe4 fxe4 18.Bxe4 Nxd5 19.Bxd5+ Bxd5 20.Qxd5+ Kh8 21.Nd4 Qd7 22.Qe6 Qc8
23.Qxc8 Rfxc8 24.Ra1 Ra8 25.Ra4 Re8 26.Nc6 Re4 27.Rc1 d5 28.Rxa5 Rxa5 29.Nxa5 dxc4
30.Rxc4 Rxc4 31.Nxc4 Kg8 32.Kg2 Kf7 33.Kf3 Ke6 34.Ke4 Bc3 35.g4 h6 36.f4 Bb4
37.f5+ gxf5+ 38.gxf5+ Kf6 39.Kf4 Bc5 40.e4 Ke7 41.e5 Bd4 42.Ke4 Bg1 43.h3 Bh2
44.Kd5 Kd7 45.f6 Bf4 46.e6+ Kd8 47.Ne5  1-0

[Event "Regionalliga NO9899"]
[Site "Bayern"]
[Date "1999.??.??"]
[Round "?"]
[White "Willim, Michael"]
[Black "Schmid, Siegfried"]
[Result "1/2-1/2"]
[WhiteElo "2000"]
[BlackElo "2145"]

1.c4 e5 2.g3 Nf6 3.Bg2 d5 4.cxd5 Nxd5 5.Nc3 Nb6 6.Nf3 Nc6 7.a3 Be7 8.O-O Be6
9.d3 O-O 10.b4 a6 11.Be3 Nd5 12.Nxd5 Bxd5 13.Rc1 a5 14.b5 Nd4 15.Bxd4 exd4
16.Qa4 c5 17.Nd2 b6 18.Bxd5 Qxd5 19.Qc4  1/2-1/2

[Event "Regionalliga NO9899"]
[Site "Bayern"]
[Date "1999.??.??"]
[Round "?"]
[White "Willim, Michael"]
[Black "Heusinger, Martin"]
[Result "1/2-1/2"]
[WhiteElo "2000"]
[BlackElo "2000"]

1.c4 e5 2.g3 Nf6 3.Bg2 Nc6 4.Nf3 Be7 5.O-O O-O 6.Nc3 d6 7.d3 h6 8.Rb1 Be6
9.b4 e4 10.dxe4 Bxc4 11.b5 Ne5 12.Nh4 Re8 13.f4 Ned7 14.Kh1 Rb8 15.Qd4 Nb6
16.Nf5 Bf8 17.a4 a5 18.Bb2 c5 19.Qd2 Bb3 20.Ba1 Be6 21.Ne3 Nc4 22.Nxc4 Bxc4
23.Qc2 b6 24.Nd1 Be6 25.Ne3 Ng4 26.Nxg4 Bxg4 27.f5 f6 28.e5 Bh5 29.exf6 gxf6
30.Bd5+ Bf7 31.Be6 Bg7 32.Rbd1 Qe7 33.Bxf7+ Kxf7 34.Qc4+ Kf8 35.Rd2 Qe4+
36.Qxe4 Rxe4 37.Rf4 Rxf4 38.gxf4 Ke7 39.Kg2 Rd8 40.e4 Rg8 41.Kf3 Bh8 42.Rd1 h5
43.Bc3 Rg4 44.h3 Rg8 45.Bb2 h4 46.Bc1 Rg3+ 47.Kf2 Rxh3 48.Rg1 Rc3 49.Be3 Kf7
50.Rd1 h3 51.Rxd6 h2 52.Rd7+ Kg8 53.Rd1 Ra3 54.Rh1 Rxa4 55.Kf3 Rb4 56.Rxh2 Rxb5
57.Rd2 Bg7 58.Rd8+ Kf7 59.Rd7+ Kf8 60.Ra7 Rb3 61.Ke2 c4 62.Bd4 Kg8 63.Ra8+ Kf7
64.Ra7+ Kf8 65.Ra8+ Kf7  1/2-1/2

[Event "Regionalliga NO9899"]
[Site "Bayern"]
[Date "1999.??.??"]
[Round "?"]
[White "Riedlberger, Veit"]
[Black "Hannweber, Markus"]
[Result "1-0"]
[WhiteElo "1940"]
[BlackElo "1940"]

1.g3 e5 2.c4 g6 3.Nc3 Bg7 4.Bg2 Nc6 5.Nf3 Nge7 6.d3 O-O 7.O-O d6 8.Rb1 h6
9.b4 f5 10.b5 Nb8 11.Ne1 Nd7 12.a4 Nf6 13.Qb3 Kh7 14.a5 Rb8 15.b6 axb6 16.axb6 c6
17.Ba3 Be6 18.Qb4 Nc8 19.Nc2 Nd7 20.Na4 g5 21.c5 d5 22.d4 e4 23.f4 Ne7 24.e3 Ng6
25.Nc3 gxf4 26.gxf4 Nh4 27.Ne2 Rg8 28.Ng3 Nxg2 29.Kxg2 Qh4 30.Qd2 Nf6 31.Kh1 Bh8
32.Rg1 Rg6 33.Nf1 Rbg8 34.Rxg6 Rxg6 35.Ne1 Qh3 36.Ng2 Qf3 37.Ng3 Rxg3 38.hxg3 Qxg3
39.Qe1 Qh3+ 40.Kg1 Ng4 41.Qh4 Qxh4 42.Nxh4 Nxe3 43.Bb2 Nc2 44.Rd1 Nb4 45.Ra1 Bf6
46.Ng2 Na6 47.Rxa6  1-0

[Event "Oberliga Bayern9899"]
[Site "Bayern"]
[Date "1999.??.??"]
[Round "?"]
[White "Mandl, Robert"]
[Black "Straub, Juergen"]
[Result "1-0"]
[WhiteElo "2365"]
[BlackElo "2195"]

1.c4 e5 2.g3 Nc6 3.Bg2 g6 4.Nc3 Bg7 5.d3 f5 6.Nf3 Nf6 7.Rb1 a5 8.a3 O-O 9.b4 axb4
10.axb4 Re8 11.O-O d6 12.b5 Ne7 13.c5 h6 14.Qb3+ Kh7 15.b6 c6 16.Ba3 dxc5
17.Bxc5 Ned5 18.Nxd5 Nxd5 19.e4 Nf6 20.Rfd1 Be6 21.Qb4 Nd7 22.Bd6 Ra6 23.Bc7 c5
24.Qb5 Qa8 25.Nd2 Ra5 26.Qb2 f4 27.Nc4 Ra2 28.Qc3 fxg3 29.hxg3 Rf8 30.Rd2 Qa4
31.Nd6 Rxd2 32.Qxd2 Qa6 33.Bf1 Ra8 34.d4 Qa4 35.d5 Bg4 36.Bb5 Qa3 37.Nxb7 Qf3
38.Qe3 Qxe3 39.fxe3 Nxb6 40.Bxb6 Rb8 41.Bc6 Bf6 42.Bxc5 Ra8 43.Nd6 Ra2 44.Rb7+ Kg8
45.Bd7  1-0

[Event "Regionalliga NO9899"]
[Site "Bayern"]
[Date "1999.??.??"]
[Round "?"]
[White "Fischer, Erich"]
[Black "Auer, Guenther"]
[Result "1/2-1/2"]
[WhiteElo "2115"]
[BlackElo "2015"]

1.g3 e5 2.c4 Nc6 3.Bg2 g6 4.Nc3 Bg7 5.d3 Nge7 6.e3 d6 7.Nge2 Be6 8.Nd5 Qd7
9.O-O Nd8 10.Nxe7 Qxe7 11.Nc3 O-O 12.b3 Qd7 13.Re1 f5 14.Qc2 c6 15.Bb2 Nf7
16.f4 Rac8 17.Rad1 Qc7 18.d4 exd4 19.exd4 Bd7 20.d5 c5 21.Re7 a6 22.Bf3 Rce8
23.Rde1  1/2-1/2

[Event "Landesliga Sued 9899"]
[Site "Bayern"]
[Date "1999.??.??"]
[Round "?"]
[White "Rubke, Manfred"]
[Black "Keller, Markus"]
[Result "1-0"]
[WhiteElo "2170"]
[BlackElo "2010"]

1.c4 e5 2.g3 Nf6 3.Bg2 c6 4.Nf3 e4 5.Ng5 d5 6.cxd5 cxd5 7.d3 exd3 8.Qxd3 Nc6
9.a3 Bc5 10.Be3 Bxe3 11.Qxe3+ Qe7 12.Qxe7+ Kxe7 13.Nc3 Be6 14.O-O Rhd8 15.Rac1 Nd4
16.Rcd1 Nb3 17.Nxe6 fxe6 18.f4 Rac8 19.e3 Na5 20.Rd3 Nc4 21.Rb1 Nd7 22.b4 Nxa3
23.Nxd5+ exd5 24.Rxa3 Nb6 25.Rxa7 Rd7 26.Bh3  1-0

[Event "Cannes op"]
[Site "Cannes"]
[Date "1999.??.??"]
[Round "4"]
[White "Voiska, Margarita"]
[Black "Di Paolo, Raffaele"]
[Result "1/2-1/2"]
[WhiteElo "2364"]
[BlackElo "2283"]

1.c4 e5 2.g3 g6 3.Bg2 Bg7 4.Nc3 Nf6 5.Nf3 d6 6.O-O O-O 7.Rb1 a5 8.a3 Nc6
9.b4 axb4 10.axb4 e4 11.Ng5 e3 12.fxe3 Ng4 13.Nf3 Nxe3 14.dxe3 Bxc3 15.Nd4 Nxb4
16.Qb3 Bxd4 17.exd4 Nc6 18.Bh6 Re8 19.c5 Qe7 20.cxd6 cxd6 21.e3 Nd8 22.h4 Bf5
23.Rb2 Be4 24.Bg5 Qd7 25.Bxe4 Rxe4 26.Qd5 Qe6 27.Qxe6 Nxe6 28.Bh6 Nd8 29.Rb6 f5
30.Rc1 Nf7 31.Bf4 Re7 32.Rcb1 Ra7 33.Kf2 Rd7 34.Kf3 Kg7 35.R1b3 h6 36.e4 g5
37.hxg5 hxg5 38.Be3 fxe4+ 39.Kxe4 Re7+ 40.Kf3 Kf6 41.R6b5 Kg6 42.g4 Rd7 43.Ke4 Kf6
44.Rf5+ Kg6 45.Rfb5 Ra6 46.Rxb7 d5+ 47.Kd3 Rxb7 48.Rxb7 Nd6 49.Rd7 Ra3+ 50.Kc2 Nc4
51.Bc1 Rg3  1/2-1/2

[Event "Ceske Budejovice op"]
[Site "Ceske Budejovice"]
[Date "1999.??.??"]
[Round "6"]
[White "Widera, Jan"]
[Black "Kubala, Martin"]
[Result "0-1"]
[WhiteElo "2225"]
[BlackElo "2285"]

1.g3 e5 2.c4 Nf6 3.Bg2 Nc6 4.Nc3 Bb4 5.Nd5 Be7 6.a3 d6 7.e3 Be6 8.Ne2 Qd7
9.d3 h5 10.h3 Nh7 11.Bd2 Ng5 12.Ng1 f6 13.Qa4 Nf7 14.O-O-O Bf5 15.Bc3 a6
16.b4 Rb8 17.Ne2 O-O 18.f4 Bd8 19.Qb3 Be6 20.Qc2 b5 21.Bf3 Ne7 22.e4 c6 23.Nxe7+ Qxe7
24.f5 Bd7 25.Bxh5 a5 26.h4 axb4 27.axb4 c5 28.bxc5 dxc5 29.Bxf7+ Qxf7 30.cxb5 Bxb5
31.h5 Ra8 32.h6 Ba4 33.Qb2 Bxd1 34.Kxd1 Ra2 35.Qb5 Bc7 36.hxg7 Kxg7 37.Nc1 Rg2
38.Be1 Rh8 39.Rxh8 Kxh8 40.Ne2 Qh5 41.g4 Qxg4 42.Qe8+ Qg8 43.Qc6 Qb3+ 44.Kc1 Qa3+
45.Kd1 Qxd3+  0-1

[Event "Crans Montana op"]
[Site "Crans Montana"]
[Date "1999.??.??"]
[Round "7"]
[White "Foisor, Cristina Adela B"]
[Black "Gerber, Richard"]
[Result "1-0"]
[WhiteElo "2370"]
[BlackElo "2353"]

1.g3 e5 2.c4 Nc6 3.Bg2 Nf6 4.Nc3 Bc5 5.e3 d6 6.Nge2 Qe7 7.d3 Bb6 8.a3 a5
9.b3 Bd7 10.Bb2 O-O 11.Qd2 h6 12.h3 Nd8 13.Nd5 Nxd5 14.cxd5 f5 15.h4 c6 16.Nc3 f4
17.Be4 fxe3 18.fxe3 Bg4 19.Rf1 Rc8 20.Rxf8+ Qxf8 21.Qf2 Qe8 22.Kd2 Rc7 23.Qg2 Rf7
24.Rf1 Qf8 25.Rxf7 Qxf7 26.Bc1 h5 27.Ke1 Kf8 28.Qf2 Qf6 29.Bd2 Ke7 30.Qxf6+ gxf6
31.dxc6 bxc6 32.Bxc6 Bxe3 33.Nd5+ Kf7 34.Be8+ Kxe8 35.Nxf6+ Kf7 36.Bxe3 Kxf6
37.Bg5+ Kg6 38.Bxd8 Be6 39.Bxa5 Bxb3 40.Bc7 Kf5 41.Bxd6 Ba4 42.Kd2 Ke6 43.Bc7 Kd5
44.Ke3 Bd1 45.Bd8 Ba4 46.Bf6 Bd1 47.Bg7 Ba4 48.g4 hxg4 49.h5 Be8 50.h6 Bg6
51.a4 g3 52.Bxe5 Kxe5 53.d4+ Kd5 54.a5 g2 55.Kf2 Kc6 56.Kxg2 Kb5 57.Kf3 Kxa5
58.Kf4 Kb5 59.d5 Kb6 60.Kg5 Bd3 61.Kf6 Kc5  1-0

[Event "CZE-chT2V 9899"]
[Site "CZE"]
[Date "1999.??.??"]
[Round "?"]
[White "Senkyr, V."]
[Black "Fajman, Petr"]
[Result "0-1"]
[WhiteElo "2290"]
[BlackElo "2160"]

1.c4 e5 2.g3 Nc6 3.Bg2 g6 4.Nc3 Bg7 5.d3 Nge7 6.e3 O-O 7.Nge2 d6 8.O-O Be6
9.Nd5 Qd7 10.Nxe7+ Qxe7 11.Rb1 Qd7 12.Nc3 Rab8 13.b4 Ne7 14.Nd5 c6 15.Nxe7+ Qxe7
16.b5 d5 17.cxd5 cxd5 18.Bb2 Qd7 19.d4 Bf5 20.Rc1 Qxb5 21.Ba3 Rfd8 22.dxe5 Bd3
23.Bd6 Rbc8 24.a4 Rxc1 25.Qxc1 Qxa4 26.Qc7 Qd7 27.Rc1 Bf5 28.Bxd5 Rc8 29.Qxc8+ Qxc8
30.Rxc8+ Bxc8 31.Kf1 Bf8 32.e4 b5 33.f4 a5 34.Ke1 b4 35.Kd2 a4 36.Kc2 Bd7
37.Kb2 Kg7 38.h4 h6 39.Ka2 h5 40.Kb2 Kg8 41.Ka2 Be6 42.Bxe6 fxe6 43.Kb2 Kf7
44.Kc2 Ke8 45.Kb2 Be7 46.Ka2 Kd7 47.Bxe7 Kxe7 48.Kb2 Kd7 49.Kc2 Kc6 50.Kb2 Kc5
51.g4 hxg4 52.f5 exf5 53.exf5 gxf5 54.h5 g3 55.h6 g2 56.h7 g1=Q 57.h8=Q Qf2+
58.Kc1 Qe1+ 59.Kc2 b3+ 60.Kd3 Qe4+ 61.Kd2 Qd4+ 62.Ke2 b2 63.Qc8+ Kd5 64.Qb7+ Kxe5
65.Qg7+ Ke4 66.Qe7+ Qe5 67.Qb4+ Kd5+ 68.Kf1 Qd4 69.Qb5+ Kd6 70.Qb8+ Kc5 71.Qa7+ Kc4
72.Qxa4+ Kc3 73.Qa5+ Kc2 74.Qa2 Qd3+ 75.Kg2 Kc1  0-1

[Event "Moravia-chT 9899"]
[Site "CZE"]
[Date "1999.??.??"]
[Round "7"]
[White "Malis, Jiri"]
[Black "Jackova, Jana"]
[Result "0-1"]
[WhiteElo "2210"]
[BlackElo "2195"]

1.c4 e5 2.g3 Nf6 3.Bg2 d5 4.cxd5 Nxd5 5.Nf3 Nc6 6.O-O Be7 7.d4 exd4 8.Nxd4 Nxd4
9.Qxd4 Nf6 10.Qa4+ c6 11.Rd1 Qb6 12.Be3 Bc5 13.Rd3 Bxe3 14.Rxe3+ Be6 15.Qa3 Ng4
16.Rf3 Ne5 17.Rf4 Rd8 18.Nc3 Nc4 19.Qb3 Nxb2 20.Qc2 Nc4 21.Na4 Qb5 22.Rc1 O-O
23.Be4 g5 24.Bxh7+ Kg7 25.Re4 Rd2 26.Qc3+ Kxh7 27.Rxc4 Qxc4 28.Qxd2 Qb4 29.Qxg5 Qg4
30.Qe7 Rh8 31.Rc5 Rg8 32.f4 Bd5 33.Qe3 f5 34.Ra5 a6  0-1

[Event "Espe Cup"]
[Site "ECU"]
[Date "1999.??.??"]
[Round "?"]
[White "Mera Cedeno, Angel"]
[Black "Belli, Mario"]
[Result "0-1"]
[WhiteElo "2395"]
[BlackElo "2360"]

1.c4 e5 2.g3 Nc6 3.Bg2 Nf6 4.Nf3 Bc5 5.O-O d6 6.Nc3 a6 7.d3 h6 8.Rb1 O-O
9.Ne1 Nd4 10.b4 Ba7 11.a4 c6 12.e3 Nf5 13.b5 d5 14.bxc6 bxc6 15.Nc2 Be6 16.Ba3 Re8
17.e4 dxe4 18.Nxe4 Nxe4 19.Bxe4 Qd7 20.Qf3 Rac8 21.Rfe1 Nd4 22.Nxd4 Bxd4
23.Qg2 Bh3 24.Qh1 Re6 25.Bb2 Bc5 26.Bg2 Bxg2 27.Qxg2 Qxd3 28.Rbc1 Rf6 29.Rf1 Re8
30.Ba1 Ree6 31.Rce1 Qxc4 32.Bxe5 Rf5 33.Bf4 g5 34.Rxe6 Qxe6 35.Bd2 Qe2 36.Be1 Rd5
37.Qh3 Qe6 38.Qxe6 fxe6 39.Bc3 Rf5 40.Kg2 Kf7 41.f3 Be7 42.Rb1 Rc5 43.Rb3 h5
44.Kf1 a5 45.Ke2 Rc4 46.Bxa5 Rxa4 47.Bd2 e5 48.Rb6 Rc4 49.Kd3 Rd4+ 50.Ke2 e4
51.fxe4 Rxe4+ 52.Kd3 Re6 53.Be3 Rxe3+  0-1

[Event "FIN-chT9899"]
[Site "FIN"]
[Date "1999.??.??"]
[Round "6"]
[White "Salo, Tapio"]
[Black "Maki Uuro, Miikka"]
[Result "1/2-1/2"]
[WhiteElo "2330"]
[BlackElo "2355"]

1.c4 e5 2.g3 Nf6 3.Bg2 c6 4.d4 d6 5.Nc3 Nbd7 6.Nf3 Be7 7.O-O O-O 8.e4 a6
9.Qc2 b5 10.c5 dxc5 11.dxe5 Ng4 12.Bf4 g5 13.Bc1 Ndxe5 14.Ne1 Ng6 15.h3 N4e5
16.f4 gxf4 17.gxf4 Nc4 18.Nf3 f5 19.b3 Nb6 20.Be3 fxe4 21.Ne5 Nxe5 22.fxe5 Nd5
23.Bh6 Rxf1+ 24.Rxf1 Nxc3 25.Qxc3 Qd4+ 26.Qxd4 cxd4 27.Bxe4 Be6 28.Bxc6 Rc8
29.Be4 Rc3 30.Rf3 a5 31.Kf2 a4 32.Ke2 axb3 33.axb3 Bxb3 34.Bd3 b4 35.Bd2 Rc7
36.Bxh7+ Kxh7 37.Rxb3 Rc5 38.Kd3 Rxe5 39.Kxd4 Rh5 40.Kc4 Rh4+ 41.Kb5  1/2-1/2

[Event "Oberliga Ost A9899"]
[Site "GER"]
[Date "1999.??.??"]
[Round "?"]
[White "Schmidt Brauns, Joachim"]
[Black "Reipsch, Jens"]
[Result "1-0"]
[WhiteElo "2135"]
[BlackElo "2255"]

1.c4 e5 2.g3 Nf6 3.Bg2 Bc5 4.Nf3 d6 5.d4 exd4 6.Nxd4 a6 7.O-O O-O 8.Nc3 Re8
9.b3 Nbd7 10.Bb2 Nf8 11.Nd5 c6 12.Ne3 Ng4 13.Nef5 Qg5 14.e4 Ne6 15.Nf3 Qd8
16.Qd2 Ne5 17.Qc3 Nxf3+ 18.Bxf3 f6 19.h4 Nf8 20.Rad1 Bxf5 21.exf5 a5 22.a3 Qb6
23.g4 Nd7 24.g5 Ne5 25.Bh5 Rf8 26.Kg2 fxg5 27.hxg5 Rxf5 28.f4 Qc7 29.b4 axb4
30.axb4 Ba7 31.c5 Ng6 32.cxd6 Qf7 33.d7 Rd8 34.Bg4 Rxd7 35.Rxd7 Qxd7 36.Bxf5 Nh4+
37.Kh2 Nxf5 38.Qb3+ Kf8 39.Rd1 Qe8 40.Qf3 Qe6 41.Ra1 Bd4 42.Ra8+ Ke7 43.Qd3 Qd5
44.Bxd4 Nxd4 45.Qe3+ Ne6 46.Ra5 b5 47.Ra7+ Kd6 48.Ra3 Ke7 49.Rd3 Qc4 50.Kg3 Kf7
51.Rd7+ Kg8 52.Kg4 Qa2 53.Kg3 Qc4 54.Rd6 Nf8 55.Rd4 Qc2 56.Rd8 Qf5 57.Qb3+ Kh8
58.Qd3 Qf7 59.Qd6 Kg8 60.Qxc6 Qe7 61.Re8 Qf7 62.Qxb5 h5 63.Qb8  1-0

[Event "Oberliga Nord N9899"]
[Site "GER"]
[Date "1999.??.??"]
[Round "?"]
[White "Kunsztowicz, Uwe"]
[Black "Salov, Sergei"]
[Result "1-0"]
[WhiteElo "2300"]
[BlackElo "2305"]

1.g3 e5 2.c4 Nf6 3.Bg2 d6 4.Nc3 g6 5.e3 Bg7 6.Nge2 O-O 7.O-O Re8 8.d4 Nbd7
9.b4 e4 10.Qc2 Qe7 11.a4 c6 12.Ba3 h5 13.b5 Nf8 14.a5 a6 15.bxc6 bxc6 16.Na4 Ra7
17.Rab1 h4 18.Nb6 Bf5 19.Qa4 h3 20.Bh1 Rb7 21.Qb4 Rd8 22.Nf4 N8h7 23.Rfc1 Ng5
24.Qe1 Nf3+ 25.Bxf3 exf3 26.Rb3 Re8 27.Qf1 Ne4 28.Rb2 g5 29.Nd3 Nf6 30.Nb4 Ng4
31.Rb3 Qf6 32.Nxa6 Rbe7 33.Rcc3 Nxf2 34.Qxf2 Qxd4 35.exd4 Re1+ 36.Qxe1 Rxe1+
37.Kf2 Rh1 38.Kxf3 Bxd4 39.Rd3 g4+ 40.Kf4 Rf1+ 41.Kg5 Bg7 42.Rxd6 f6+ 43.Kh4 Rf2
44.Rb2 Rf3 45.Rd8+ Kf7 46.Bb4 Be6 47.Nc7 f5 48.Nxe6 Bxb2 49.Ng5+ Kg6 50.Rd6+  1-0

[Event "GER-ch 11th Seniors"]
[Site "Germany"]
[Date "1999.??.??"]
[Round "?"]
[White "Korn, Juergen Christof"]
[Black "Dahlhaus, Friedhelm"]
[Result "1-0"]
[WhiteElo "2030"]
[BlackElo "2170"]

1.c4 e5 2.g3 Nf6 3.Bg2 d5 4.cxd5 Nxd5 5.Nc3 Nb6 6.Nf3 Nc6 7.O-O Be7 8.a4 Be6
9.a5 Nd5 10.a6 O-O 11.axb7 Rb8 12.Qa4 Qd6 13.d4 Rxb7 14.dxe5 Nxe5 15.Nxe5 Rb4
16.Qc6 Nxc3 17.Qxc3 Bf6 18.f4 Rb3 19.Qa5 Rd8 20.Ra3 Rxa3 21.bxa3 Bxe5 22.fxe5 a6  1-0

[Event "GER-ch 11th Seniors"]
[Site "Germany"]
[Date "1999.??.??"]
[Round "?"]
[White "Dornieden, Manfred"]
[Black "Schueler, Wolfgang"]
[Result "0-1"]
[WhiteElo "2285"]
[BlackElo "2075"]

1.c4 e5 2.g3 d6 3.Bg2 f5 4.d4 e4 5.Nh3 Nf6 6.O-O g6 7.Nc3 Bg7 8.Bg5 h6 9.Bxf6 Qxf6
10.Nd5 Qf7 11.f3 c6 12.Ne3 exf3 13.exf3 O-O 14.Re1 Nd7 15.d5 c5 16.Nf4 Bxb2
17.Ne6 Bxa1 18.Qxa1 Nb6 19.Nxf8 Qxf8 20.a4 Bd7 21.a5 Nc8 22.Bf1 b6 23.Ng2 Qg7
24.Qc1 bxa5 25.Nf4 g5 26.Ne6 Qf6 27.Qb1 Nb6 28.Bd3 Re8 29.Bxf5 Bxe6 30.Bxe6+ Kg7
31.f4 gxf4 32.Re4 fxg3 33.hxg3 Rf8 34.Rg4+ Kh8 35.Rf4 Qg7 36.Kh1 Rxf4 37.gxf4 Qf6
38.Qb5 Qh4+ 39.Kg2 Qe7 40.Qxa5 Nxc4 41.Qc3+ Qg7+ 42.Qxg7+ Kxg7 43.Kf3 h5  0-1

[Event "SWZ-ch"]
[Site "Graechen"]
[Date "1999.??.??"]
[Round "?"]
[White "Zueger, Beat"]
[Black "Salzgeber, Frank"]
[Result "1-0"]
[WhiteElo "2424"]
[BlackElo "2198"]

1.c4 e5 2.g3 Nf6 3.Bg2 d5 4.cxd5 Nxd5 5.Nc3 Nb6 6.Nf3 Nc6 7.O-O Be7 8.a3 g5
9.d3 h5 10.b4 g4 11.Nd2 h4 12.Re1 hxg3 13.hxg3 a5 14.b5 Nd4 15.e3 Ne6 16.Qe2 Ng5
17.d4 Qd6 18.Nde4 Nxe4 19.Nxe4 Qh6 20.Nc5 e4 21.Bxe4 Bxc5 22.dxc5 Bf5 23.Bxb7 Qh2+
24.Kf1 Rd8 25.cxb6 Bd3 26.bxc7 Bxe2+ 27.Kxe2 Qh5 28.Bc6+ Ke7 29.cxd8=Q+ Rxd8
30.Bb2 Qg6 31.Bd4 Qc2+ 32.Kf1 Rd6 33.Rac1 Qd3+ 34.Kg1 Ke6 35.b6 Qb3 36.b7  1-0